| 000 | 00433nam a22001817a 4500 | ||
|---|---|---|---|
| 003 | MPLRDC | ||
| 005 | 20220104124848.0 | ||
| 008 | 210129b ||||| |||| 00| 0 eng d | ||
| 020 | _a983-71-0072-9 | ||
| 082 | _a868.71 LRL | ||
| 100 | _a凌如浪 | ||
| 245 |
_a常记我心头 _c |
||
| 250 | _a第一版 | ||
| 260 |
_a _b代理员文摘有限公司 _c1991 |
||
| 300 | _b平 | ||
| 650 | _a马华文学 | ||
| 942 |
_cBK _o868.71 LRL |
||
| 999 |
_c22751 _d22741 |
||